000 00595nam a2200181Ia 4500
003 GCL
008 140319s9999 xx 000 0 ara d
040 _aGCL /
_cGCL
082 0 4 _a001.603
_bم م
100 1 _aمحمود الشريف
245 1 0 _aموسوعة مصطلحات الكمبيوتر /
_cمحمود الشريف
260 _a[S.N] :
_bالدار الدولية للنشر والتوزيع ،
_c1990
300 _a624 ص
490 _aشكاوى المصرى الفصيح
_v0
650 0 4 _aموسوعات
650 0 4 _aالحاسبات الالكترونية
942 _2ddc
_cREF
999 _c59255
_d59255